000 00835nmm a2200241 ar4500
001 2440
005 20221127090435.0
006 m b
007 cz cuu|||a|uuu
008 110202 xxu ba eng d
020 _a0582895588 :
_cSR177.00
082 0 0 _a428.2402465
_bD852 2006
100 1 _aDubicka, Iwonna.
245 1 0 _aMarket leader
_h[electronic resource] :
_badvanced business English course book CDs /
_cIwonna Dubicka, Margaret O'Keeffe.
260 _aHarlow, England :
_bPearson/Financial Times,
_c2006.
300 _a2 CD-ROMs ;
_c4 3/4 in.
500 _aTitle from container.
505 0 _aCD1: Units 1-7 -- CD2 : Unites 8-12.
650 4 _aEnglish language
_xBusiness English.
650 4 _aEnglish language
_vTextbooks.
650 4 _aEnglish language
_xGrammar.
700 0 _aO'Keeffe, Margaret,
_ejt. auth.
999 _c2438
_d2438